Haines v Florensa (Record no. 23672)
[ view plain ]
| 000 -LEADER | |
|---|---|
| fixed length control field | 01374cab a2200205 4500 |
| 001 - CONTROL NUMBER | |
| control field | ABS42382 |
| 008 - FIXED-LENGTH DATA ELEMENTS--GENERAL INFORMATION | |
| fixed length control field | 090401t1990 xxu||||| |||| 00| 0 eng d |
| 035 ## - SYSTEM CONTROL NUMBER | |
| System control number | (Sirsi) u36472 |
| 041 ## - LANGUAGE CODE | |
| Language code of text/sound track or separate title | eng |
| 245 ## - TITLE STATEMENT | |
| Title | Haines v Florensa |
| 260 ## - PUBLICATION, DISTRIBUTION, ETC. | |
| Date of publication, distribution, etc. | 1990 |
| 350 ## - PRICE (NR) (BK AM CF MU VM SE) [OBSOLETE] | |
| Price | 0 |
| 490 ## - SERIES STATEMENT | |
| Series statement | Estates Gazette |
| Volume/sequential designation | (1990) 09 EG 70-79(5) |
| 520 ## - SUMMARY, ETC. | |
| Summary, etc. | CA 7 June 1989. F held a flat on a lease from H who occupied the garden flat in the same block. The lease contained a covenant against alterations which read "The Lessee will not without the written consent of the Lessor first being obtained make any alteration in or addition to the height sides front back wall timbers or elevations of the premises." F wished to convert the loft of the property to increase her living space which involved raising the roof and installing a room and ensuite bathroom. H withheld consent. F claimed this was unreasonably withheld and that consent was not necessary as the conversion was an improvement under Landlord and Tenant Act 1927 s19 . It was held and the appeal upheld that although the loft was to intrude into the airspace above the house this comprised part of the premises demised and therefore did not infringe an easement . |
| 650 ## - SUBJECT ADDED ENTRY--TOPICAL TERM | |
| Topical term or geographic name entry element | LANDLORDS CONSENT |
| 650 ## - SUBJECT ADDED ENTRY--TOPICAL TERM | |
| Topical term or geographic name entry element | LOFT CONVERSION |
| 690 ## - LOCAL SUBJECT ADDED ENTRY--TOPICAL TERM (OCLC, RLIN) | |
| Topical term or geographic name as entry element | LANDLORD AND TENANT-CASE LAW-RESIDENTIAL TENANCIES |
| 942 ## - ADDED ENTRY ELEMENTS (KOHA) | |
| Suppress in OPAC | 0 |
| 948 ## - LOCAL PROCESSING INFORMATION (OCLC); SERIES PART DESIGNATOR (RLIN) | |
| c (OCLC) | 04/03/1997 |
| Withdrawn status | Lost status | Source of classification or shelving scheme | Damaged status | Not for loan | Home library | Current library | Shelving location | Date acquired | Total Checkouts | Full call number | Barcode | Date last seen | Copy number | Price effective from | Koha item type |
|---|---|---|---|---|---|---|---|---|---|---|---|---|---|---|---|
| Dewey Decimal Classification | London | London | Journal article | 14/09/1999 | ABS42382 | 36472-1001 | 06/08/2019 | 1 | 06/08/2019 | Law report |